ბათუმის შოთა რუსთაველის სახელმწიფო უნივერსიტეტის ბიბლიოთეკა

ქართული ლექსმცოდნეობა / (ბიბ.ჩანაწერი № 55033)

000 -ლიდერი
ფიქსირებული სიგრძის საკონტროლო ველი 01852nam a2200289Ia 4500
001 - საკონტროლო ნომერი
საკონტროლო ველი 22108
003 - საკონტროლო ნომრის იდენტიფიკატორი
საკონტროლო ველი GE_BSU
005 - ბოლო ოპერაციის თარიღი და დრო
საკონტროლო ველი 20221026172514.0
008 - ფიქსირებული სიგრძის მონაცემთა ელემენტები - ზოგადი ინფორმაცია
ფიქსირებული სიგრძის საკონტროლო ველი 181216s ||||ge |||||||||||||| ||geo||
020 ## - წიგნის საერთაშორისო სტანდარტული ნომერი
International Standard Book Number 9789941133367
040 ## - კატალოგიზაციის წყარო
Transcribing agency GE_BSU
041 ## - ენის კოდი
Language code of text/sound track or separate title geo
080 ## - უნივერსალური ათობითი კლასიფიკაციის ინდექსი
Universal Decimal Classification number 821.353.1.09 ბ-26
100 ## - მთავარი ჩანაწერი - პიროვნების სახელი
Personal name ბარბაქაძე, თამარ
9 (RLIN) 5794
245 ## - ცნობა სათაურის შესახებ
Title ქართული ლექსმცოდნეობა /
Statement of responsibility, etc თამარ ბარბაქაძე ; რედ. თამარ ლომიძე.
264 ## - წარმოების, გამოცემის, დისტრიბუციის და სხვა ცნობები
გამოცემის, წარმოების, დისტრიბუციის... ადგილი თბილისი :
გამოცემის, წარმოების, დისტრიბუციის... სახელწოდება თბილ. უნ-ტის გამ-ბა,
გამოცემის, წარმოების, დისტრიბუციის... თარიღი 2014.
300 ## - ფიზიკური აღწერა
Extent 437გვ. ;
Dimensions 21სმ.
500 ## - ზოგადი შენიშვნა
General note წიგნი განკუთვნილია ჰუმანიტარულ მეცნიერებათა ფაკულტეტის მაგისტრანტთათვის და ქართული ლექსით დაინტერესებული მკითხველისათვის
501 ## - შენიშვნა თანმხლებ მასალაზე
With note კითხვარი მაგისტრანტებისათვის გვ. 428-436
504 ## - BIBLIOGRAPHY, ETC. NOTE
Bibliography, etc ბიბლიოგრაფია გვ. : 413-427
653 ## - INDEX TERM--UNCONTROLLED
Uncontrolled term ქართული ლექსმცოდნეობა
653 ## - INDEX TERM--UNCONTROLLED
Uncontrolled term ქართული ლიტერატურა
653 ## - INDEX TERM--UNCONTROLLED
Uncontrolled term წიგნი განკუთვნილია ჰუმანიტარულ მეცნიერებათა ფაკულტეტის მაგისტრანტთათვის და ქართული ლექსით დაინტერესებული მკითხველისათვის
700 ## - ADDED ENTRY--PERSONAL NAME
Personal name ლომიძე, თამარ
Relator term რედაქტორი
9 (RLIN) 13566
942 ## - ADDED ENTRY ELEMENTS (KOHA)
Koha item type წიგნი
Source of classification or shelving scheme
ეგზემპლარები
ჩამოწერის სტატუსი დაკარგული ეგზემპლარის სტატუსი კლასიფიკაციის წყარო ან თაროზე გაწყობის სქემა დაზიანების სტატუსი არ გაიცემა მუდმივი მდებარეობა (დაცვის ადგილი) ამჟამინდელი ადგილსამყოფელი თაროზე განთავსების ადგილი შეძენის თარიღი ღირებულება, შესყიდვის ნორმალური ფასი სრული შენახვის შიფრი შტრიხკოდი ბოლო ოპერაციის თარიღი ეგზემპლარის მიმდევრობითი ნომერი (კეტერი?) ფასის ძალაში შესვლის თარიღი ეგზემპლარის სახეობა საჯარო შენიშვნა
          ბათუმის შოთა რუსთაველის სახელმწიფო უნივერსიტეტის მთავარი ბიბლიოთეკა ბათუმის შოთა რუსთაველის სახელმწიფო უნივერსიტეტის მთავარი ბიბლიოთეკა წიგნსაცავი 2018-12-17 11.50 821.353.1.09 ბ-26 57007 2018-12-17 57007 2018-12-17 წიგნი 11.50 ₾.
          ბათუმის შოთა რუსთაველის სახელმწიფო უნივერსიტეტის მთავარი ბიბლიოთეკა ბათუმის შოთა რუსთაველის სახელმწიფო უნივერსიტეტის მთავარი ბიბლიოთეკა წიგნსაცავი 2018-12-17 11.50 821.353.1.09 ბ-26 57008 2018-12-17 57008 2018-12-17 წიგნი 11.50 ₾.
          ბათუმის შოთა რუსთაველის სახელმწიფო უნივერსიტეტის მთავარი ბიბლიოთეკა ბათუმის შოთა რუსთაველის სახელმწიფო უნივერსიტეტის მთავარი ბიბლიოთეკა წიგნსაცავი 2018-12-17 11.50 821.353.1.09 ბ-26 57009 2018-12-17 57009 2018-12-17 წიგნი 11.50 ₾.
          ბათუმის შოთა რუსთაველის სახელმწიფო უნივერსიტეტის მთავარი ბიბლიოთეკა ბათუმის შოთა რუსთაველის სახელმწიფო უნივერსიტეტის მთავარი ბიბლიოთეკა წიგნსაცავი 2018-12-17 11.50 821.353.1.09 ბ-26 57010 2018-12-17 57010 2018-12-17 წიგნი 11.50 ₾.
          ბათუმის შოთა რუსთაველის სახელმწიფო უნივერსიტეტის მთავარი ბიბლიოთეკა ბათუმის შოთა რუსთაველის სახელმწიფო უნივერსიტეტის მთავარი ბიბლიოთეკა წიგნსაცავი 2018-12-17 11.50 821.353.1.09 ბ-26 57011 2018-12-17 57011 2018-12-17 წიგნი 11.50 ₾.